| 000 | 00369 a2200133 4500 | ||
|---|---|---|---|
| 005 | 20250629122925.0 | ||
| 020 | _a139780073023014 | ||
| 082 | _a658.5 THO | ||
| 100 | _aTHOMKE,H.S. | ||
| 245 | _aManaging product and Service Development: text and Cases | ||
| 260 |
_aNew York _bMc Graw Hill, _c2007. |
||
| 300 |
_avii,592., pictures,tables _bIndex _c24cm. |
||
| 942 |
_2ddc _cBKS |
||
| 999 |
_c6321 _d6321 |
||